Directori de responsables de les àrees territorials dels ens locals / Oficina Tècnica de Cooperació
Descripción Física:
447 p. ; 21 cm + 1 disquet informàtic
MARC
| LEADER | 00000nam a2200000Ia 4500 | ||
|---|---|---|---|
| 001 | 10754 | ||
| 008 | 160829s1994 xx 000 0 cat d | ||
| 080 | |a M-2-254 | ||
| 245 | |a Directori de responsables de les àrees territorials dels ens locals / Oficina Tècnica de Cooperació | ||
| 260 | |a Barcelona : |b Diputació de Barcelona, Àrea de Cooperació, |c 1994 | ||
| 300 | |a 447 p. ; |c 21 cm + 1 disquet informàtic | ||
| 650 | |a Administració local |x Barcelona (Província) |x Directoris |9 30408 | ||
| 710 | |a Barcelona (Catalunya : Província). |b Oficina Tècnica de Cooperació |9 53580 | ||
| 901 | |a Arxiu | ||
| 942 | |n 1 | ||
| 952 | |0 0 |1 0 |4 0 |6 M2254 |7 1 |9 41892 |a Arxiu |b Arxiu |d 2016-12-01 |l 0 |o M-2-254 |p 10754 |r 2016-12-01 00:00:00 |w 2016-12-01 |y ARXIU | ||
| 999 | |c 44339 |d 44339 | ||